¿Cuál de los caminos el pasado?
Guardado en:
| Hovedforfatter: | |
|---|---|
| Format: | Bog |
| Sprog: | Undetermined |
| Udgivet: |
México, Distrito Federal
Fondo de Cultura Económica
1989
|
| Fag: | |
| Tags: |
Tilføj Tag
Ingen Tags, Vær først til at tagge denne postø!
|
MARC
| LEADER | 00000nam a2200000Ia 4500 | ||
|---|---|---|---|
| 008 | 170316s9999 xx 000 0 und d | ||
| 090 | |a 100 F-18c | ||
| 100 | |a Fogel, Robert | ||
| 245 | |a ¿Cuál de los caminos el pasado? | ||
| 260 | |a México, Distrito Federal | ||
| 260 | |b Fondo de Cultura Económica | ||
| 260 | |c 1989 | ||
| 300 | |a 215 páginas | ||
| 650 | |a FILOSOFÍA | ||
| 999 | |c 16152 |d 16152 | ||
| 040 | |a cru BVZT | ||
| 942 | |c 15 D |h 100 F-18c |2 z | ||
